Discographie Alpha Wann - Statistiques

Statistiques générales
  • Ce quiz a été pris 50 fois
  • Le résultat moyen est 37 sur 130
Statistiques - réponses
Hint Réponse % Correct
UNE MAIN LAVE L'AUTRE UNE MAIN LAVE L'AUTRE
88%
PPP PISTOLET ROSE
83%
Alpha Wann, Nekfeu aaa
76%
PPP PISTOLET ROSE 2
76%
Alph Lauren 2 Barcelone
69%
UNE MAIN LAVE L'AUTRE LE PIÈGE
69%
Alpha Wann philly flingo
67%
UNE MAIN LAVE L'AUTRE CA VA ENSEMBLE
64%
Alpha Wann mitsubishi
62%
UNE MAIN LAVE L'AUTRE POUR CELLES
60%
Alpha Wann, Kaaris, Infinit' soldat tue soldat
60%
Alpha Wann carrelage italien
57%
UNE MAIN LAVE L'AUTRE CASCADE - Remix
57%
Alpha Wann, Freeze corleone ny à fond
57%
UNE MAIN LAVE L'AUTRE STARSKY & HUTCH
57%
Alpha Wann apdl
55%
UNE MAIN LAVE L'AUTRE MACRO
55%
UNE MAIN LAVE L'AUTRE PARACHUTE CHANEL
55%
Alpha Wann, Kalash Criminel pistons vs pacers
55%
Alph Lauren 3 R5 et Murcielago
55%
UNE MAIN LAVE L'AUTRE STUPEFIANT ET NOIR
55%
Alpha Wann, VEUST trapchat
55%
UNE MAIN LAVE L'AUTRE 1500
50%
UNE MAIN LAVE L'AUTRE FLAMME OLYMPIQUE
50%
UNE MAIN LAVE L'AUTRE LA LUMIÈRE DANS LE NOIR
50%
UNE MAIN LAVE L'AUTRE LE TOUR
50%
Nekfeu, Lesram san andreas
50%
UNE MAIN LAVE L'AUTRE CONTREX
48%
UNE MAIN LAVE L'AUTRE FUGEES
48%
Nekfeu malevil
48%
feat. Freeze Corleone Rap catéchisme
48%
Ratu$ velux
48%
Alpha Wann la lune attire la mer
45%
UNE MAIN LAVE L'AUTRE LANGAGE CRYPTE
45%
feat. 3010, DJ Battle 3095
43%
PPP PLAYOFFS
43%
Alph Lauren 3 Shanghai
43%
Alpha Wann, Deen Burbigo, Infinit' dirty dancing
40%
Alph Lauren 3 Louvre
40%
Alph Lauren 2 Vortex
40%
Alph Lauren L'histoire d'un type bien
38%
UNE MAIN LAVE L'AUTRE OLIVE & TOM
38%
feat. Nekfeu Vinyle
38%
Alph Lauren 3 Saint-Domingue
36%
Alpha Wann, 3010, Nekfeu 3095 pt2
33%
feat. Kekra, La Fève Ingé son
33%
feat. TH ISUZU
33%
Alph Lauren 3 Kim K
33%
feat. Nekfeu Point d'interrogation
33%
feat. Laylow, Wit. Stuntmen
33%
feat. Nekfeu Compte les hommes
31%
Alph Lauren 3 Courchevel
31%
feat. Sneazzy, Nekfeu, S.Pri Noir Étincelles
31%
feat. Jazzy Bazz Panorama
31%
feat. Kyo Itachi 99 en peuf
29%
Alph Lauren 2 Alph Lauren
29%
feat. Infinit' Cigarette 2 haine
29%
Alpha Wann fahrenheit 451
29%
Alph Lauren 3 Turban
29%
feat. Laylow Vamonos
29%
Alph Lauren 2 1,2,3
26%
feat. Edge 20.000
26%
feat. Infinit', Rim'K Mc Gregor
26%
feat. Lesram Rotation
26%
Alph Lauren 2 Sous marin
26%
feat. Jungle Jack XX FILES
26%
Alph Lauren Flingtro
24%
feat. Deen Burbigo Immunité Diplomatique
24%
feat. Infinit' INTERIEUR CUIR
24%
Alph Lauren 2 Lunettes noires
24%
feat. Sneazzy, S.Pri Noir T'as capté
24%
feat. Hologram Lo’ & Huntrill Bitcoin
21%
feat. Rowjay Devil May Cry
21%
Alph Lauren 3 Paire de Prada
21%
feat. Norsacce Berlusconi Phoenix
21%
K.S.A super swishstyle 2
21%
feat. Niro 50 euros
19%
feat. S-Crew DonZoo
19%
feat. Jazzy Bazz, Esso Luxueux Insomnie
19%
Alph Lauren Parle moi de benef'
19%
Alph Lauren 2 Protocole
19%
feat. Nemir Sur ma vie
19%
Alph Lauren 2 À deux pas
17%
Alph Lauren Hydroponie
17%
Alph Lauren Steven Seagal
17%
feat. Infinit', KSA UMLA Tour
17%
feat. Osirus Jack Bolo Yeung
14%
feat. Stavo Formule 1
14%
feat. Richie Beats CDG
12%
feat. KR Malsain Double Dose
12%
Alph Lauren Double P Majuscule
12%
Alph Lauren Quand on chausse les crampons
12%
feat. Rim'K Trap House
12%
feat. Infinit' Vivre bien
12%
Alph Lauren Bustour
10%
feat. K.S.A CDN Freestyle
10%
feat. Infinit' Cigarette de joie
10%
feat. Roshi Détail
10%
feat. 2.zer DonZoozoo
10%
feat. Sneazzy, Nekfeu Ouais mec - Remix
10%
feat. Sneazzy, Caballero, Doums Parle pas trop
10%
feat. Ratu$, K.S.A, Infinit' Réunion
10%
feat. Ratu$, Veust CAC 40
7%
feat. Lomepal Chienne de vie
7%
feat. Makala Golf
7%
feat. Prince Waly Plan
7%
feat. Guizmo, Nekfeu Sales babtous d'négros
7%
feat. Georgio, Hologram Lo’, Vald, Lomepal Sex, Drug & Rock'n'roll
7%
feat. S-Crew Disjoncté
5%
feat. Doums Jeune retraités
5%
feat. Infinit' Le sac est plein
5%
feat. Caballero, JeanJass, Ysha Qu'est-ce que tu nous proposes ?
5%
feat. Nemir Wake Up
5%
feat. VEUST 4 Chemins
2%
feat. Key Largo Jolie demoiselle 2.0
2%
feat. Eff Gee, Nekfeu L'heure de l'orage
2%
feat. Deen Burbigo, Nekfeu,Jazzy Bazz Ma iv
2%
Singles National Syli
2%
feat. Djunz, Nekfeu Peu me suffirait
2%
feat. VEUST Première classe
2%
feat. Blaz Pit, Veust, Ratu$ Psp
2%
feat. Hologram' Lo, Prince Waly Rov Or Benz
2%
feat. Guizmo Back in the Days
0%
feat. 88KVLY Clean Sheet
0%
feat. Melox, Nekfeu, Doums, DF Sounds, Oris Déjaunérescence
0%
feat. Joe Lucazz Knight Rider
0%
feat. Wacko Les notes de frais
0%
feat. K.S.A & Selman Faris Mannequin
0%
feat. VEERUS Où on vit
0%
feat. Monsieur Nov Prends de l'avance
0%
Aucun quiz correspondant
Distribution des résultats
% des personnes avec chaque résultat
Percentile par nombre de réponses
Votre historique - résultats
Vous n’avez pas pris ce quiz